Statistiques concernant Buteurs Bayern Munich LDC 2019/2020

Cliquez ici pour prendre le quiz!

Statistiques générales

  • Ce quiz a été pris 110 fois
  • Le résultat moyen est 6 sur 9

Statistiques - réponses

Nombre ButButeur% Correct
15Robert Lewandowski
100%
4Thomas Muller
97%
2Joshua Kimmich
90%
3Kingsley Coman
90%
9Serge Gnabry
80%
1Leon Goretzka
68%
3Coutinho
55%
3Ivan Perisic
45%
3Corentin Tolisso
24%

Distribution des résultats

Percentile par nombre de réponses

% des personnes avec chaque résultat

Votre développement - résultats

Vous n’avez pas pris ce quiz